| 000 | 00659cam a22002054a 4500 | ||
|---|---|---|---|
| 020 | _a9780881928549 | ||
| 020 | _a0881928542 | ||
| 040 | _cDLC | ||
| 082 | 0 | 0 | _a639 TIM 2007 C145 Or. |
| 100 | 1 | _aTallamy, Douglas W. | |
| 245 | 1 | 0 |
_aBringing nature home : _bhow native plants sustain wildlife in our gardens / |
| 260 |
_aPortland, Or. : _bTimber Press, _c2007. |
||
| 300 |
_a288 p. : _bcol. ill. ; _c24 cm. |
||
| 650 | 0 | _aNative plants for cultivation | |
| 650 | 0 | _aNatural landscaping | |
| 650 | 0 | _aAnimal-plant relationships | |
| 650 | 0 | _aInsect-plant relationships | |
| 856 | 4 | 1 | _uhttp://www.loc.gov/catdir/toc/ecip0714/2007012552.html |
| 942 | _cAEDBB | ||
| 999 |
_c18457 _d18457 |
||